00722nam a2200229Ia 450000500170000000800410001702000180005804000180007604100080009408200220010210000210012424500900014525000120023526000570024730000250030465000330032965000320036265000270039465000290042170000240045070000180047420220729101540.0210716s2003 xx 000 0 und d a9788131503232 cAIMIT LIBRARY aeng a519.535 21bLATJ aLattin, James M. aAnalyzing multivariate data /cBy James M Lattin, J Douglas Carroll and Paul E Green. a1st ed. aNew Delhi :bCengage Learning India Pvt Ltd ,c2009. axxiv,556p. ;c23 cm. aAnalysis of interdependence  aExploratory factor analysis aAnalysis of dependence aMultidimensional scaling aCarroll, J Douglas. aPaul E Green.